000
00367nam a2200169Ia 4500
001
9967
005
20250626030304.0
008
211022s9999 xx 000 0 und d
082
_a
813.54 CRI
100
_a
Crichton, Michael
245
4
_a
The andromeda strain
260
_a
New York
260
_b
Dell Publishing
260
_c
1969
300
_a
291
942
_c
BK
999
_c
9896
_d
9896